| 000 | 01395ntaaa2200373 4500 | ||
|---|---|---|---|
| 003 | 01 | ||
| 005 | 20251027200608.0 | ||
| 008 | 0714s1973 ag 01 | ||
| 020 | _a8430106626 | ||
| 040 |
_aAR-BaBN _bspa _cAR-BaBN _eaacr _dRIC |
||
| 082 | _a232.4 M73d | ||
| 100 | _aMoltmann, Jürgen | ||
| 245 |
_aEl Dios crucificado / _cJürgen Moltmann, traducido por Severiano Talavero Tovar |
||
| 260 |
_aSalamanca : _bEds. Sígueme, _c1975 |
||
| 300 |
_a479 p. ; _c19 cm. |
||
| 490 |
_aVerdad e imagen ; _v41 |
||
| 500 | _aTítulo original: Der gekreuzigte Gott | ||
| 500 | _aSubtítulo: La cruz de Cristo como base y crítica de toda teología cristiana | ||
| 500 | _aEd. original en alemán: Chr. Kaiser Verlag | ||
| 500 | _aContiene referencias bibliográficas | ||
| 500 | _aIncluye índices | ||
| 505 | _t1. Identidad y relevancia de la fe | ||
| 505 | _t2. Las resistencias de la cruz contra sus explicaciones | ||
| 505 | _t3. Las cuestiones sobre Jesús | ||
| 505 | _t4. El proceso histórico de Jesús | ||
| 505 | _t5. El proceso escatológico de Jesucristo | ||
| 505 | _t6. El «Dios crucificado» | ||
| 505 | _t7. Vías para la liberación psíquica del hombre | ||
| 505 | _t8. Caminos para la liberación política del hombre | ||
| 650 |
_aTeologia de la Cruz _91722 |
||
| 650 |
_aCristologia _91723 |
||
| 700 |
_aTalavero Tovar, Severiano _etraductor _91724 |
||
| 942 | _cBK | ||
| 999 |
_c649 _d649 |
||